000 00682nam a2200169 a 4500
008 120416s1966 ||||||||||||||||| || u
050 _aHF 1025 Chi
100 _aChisholm, Michael
245 1 0 _aGeography and economics
260 _aLondon
_bBell
_c1966
300 _aix, 230p. : ill.
350 _a0.00
650 0 _aECONOMIC GEOGRAPHY
650 0 _aECONOMICS
995 _aANNEX COLLECTION (Main Library)
_D0.00
_e062657
_FCBU-MAIN LIBRARY (Kitwe)
_H2
_I0.00
_jHF 1025 Chi
_M2
_UAVAILABLE
_y004055
_ZAnnex Low-Usage Collection
995 _aANNEX COLLECTION (Main Library)
_D0.00
_e102420
_FCBU-MAIN LIBRARY (Kitwe)
_H1
_I0.00
_jHF 1025 Chi
_M1
_UAVAILABLE
_y004056
_ZAnnex Low-Usage Collection
999 _c75853
_d75853